[Event "DEM U12 2023"]
[Site "Willingen GER"]
[Date "2023.05.31"]
[Round "5"]
[White "Prashanthakumar, Arju"]
[Black "Krüger, Moritz"]
[Result "1/2-1/2"]
[Termination "normal"]
[Board "16"]
[WhiteElo "1291"]
[BlackElo "1582"]
[WhiteClock "00:12:11"]
[BlackClock "01:18:53"]
[PlyCount "86"]
[WhiteFideId "34604065"]
[BlackFideId "34608923"]
[EventCountry "GER"]
[EventRounds "9"]
[EventType "swiss"]
[EventDate "2023.05.27"]

1. e4 {[%clk 01:30:57]} {[%emt 00:00:02]} c5 {[%clk 01:30:45]} {[%emt
00:00:16]} 2. Nf3 {[%clk 01:30:01]} {[%emt 00:01:26]} d6 {[%clk 01:31:08]}
{[%emt 00:00:07]} 3. d4 {[%clk 01:30:12]} {[%emt 00:00:19]} cxd4 {[%clk
01:31:17]} {[%emt 00:00:21]} 4. Nxd4 {[%clk 01:30:35]} {[%emt 00:00:07]} Nf6
{[%clk 01:30:33]} {[%emt 00:01:14]} 5. Nc3 {[%clk 01:30:58]} {[%emt 00:00:07]}
a6 {[%clk 01:30:51]} {[%emt 00:00:12]} 6. Be2 {[%clk 01:27:07]} {[%emt
00:04:20]} e6 {[%clk 01:30:54]} {[%emt 00:00:26]} 7. O-O {[%clk 01:25:07]}
{[%emt 00:02:30]} Be7 {[%clk 01:30:01]} {[%emt 00:01:23]} 8. Be3 {[%clk
01:21:30]} {[%emt 00:04:07]} O-O {[%clk 01:30:02]} {[%emt 00:00:29]} 9. Qd2
{[%clk 01:18:02]} {[%emt 00:03:59]} b5 {[%clk 01:29:50]} {[%emt 00:00:42]} 10.
a3 {[%clk 01:14:36]} {[%emt 00:03:57]} Bb7 {[%clk 01:30:08]} {[%emt 00:00:11]}
11. f3 {[%clk 01:14:15]} {[%emt 00:00:51]} Nbd7 {[%clk 01:30:28]} {[%emt
00:00:09]} 12. Rad1 {[%clk 01:06:34]} {[%emt 00:08:12]} d5 {[%clk 01:28:02]}
{[%emt 00:02:56]} 13. exd5 {[%clk 01:05:38]} {[%emt 00:01:26]} Nxd5 {[%clk
01:28:22]} {[%emt 00:00:10]} 14. Nxd5 {[%clk 01:04:53]} {[%emt 00:01:15]} Bxd5
{[%clk 01:28:43]} {[%emt 00:00:09]} 15. Nf5 {[%clk 01:02:38]} {[%emt 00:02:45]}
Bf6 {[%clk 01:27:16]} {[%emt 00:01:56]} 16. c3 {[%clk 00:58:12]} {[%emt
00:04:58]} Ne5 {[%clk 01:27:25]} {[%emt 00:00:17]} 17. Bc5 {[%clk 00:54:38]}
{[%emt 00:04:07]} Bc4 {[%clk 01:26:50]} {[%emt 00:01:05]} 18. Bxf8 {[%clk
00:53:00]} {[%emt 00:02:09]} Qb6+ {[%clk 01:25:57]} {[%emt 00:01:22]} 19. Nd4
{[%clk 00:49:06]} {[%emt 00:04:24]} Rxf8 {[%clk 01:25:39]} {[%emt 00:00:48]}
20. Bxc4 {[%clk 00:47:32]} {[%emt 00:02:04]} Nxc4 {[%clk 01:25:56]} {[%emt
00:00:13]} 21. Qf2 {[%clk 00:47:04]} {[%emt 00:00:57]} Rd8 {[%clk 01:24:12]}
{[%emt 00:02:15]} 22. Nb3 {[%clk 00:40:27]} {[%emt 00:07:08]} Qxf2+ {[%clk
01:24:09]} {[%emt 00:00:32]} 23. Kxf2 {[%clk 00:40:49]} {[%emt 00:00:09]} Nxb2
{[%clk 01:24:32]} {[%emt 00:00:08]} 24. Rxd8+ {[%clk 00:40:51]} {[%emt
00:00:28]} Bxd8 {[%clk 01:24:56]} {[%emt 00:00:05]} 25. Ke2 {[%clk 00:38:33]}
{[%emt 00:02:48]} Kf8 {[%clk 01:25:16]} {[%emt 00:00:10]} 26. Nc5 {[%clk
00:37:44]} {[%emt 00:01:16]} Ba5 {[%clk 01:23:15]} {[%emt 00:02:32]} 27. Nxa6
{[%clk 00:35:59]} {[%emt 00:02:17]} Na4 {[%clk 01:22:59]} {[%emt 00:00:44]} 28.
Nb4 {[%clk 00:31:00]} {[%emt 00:05:31]} Nxc3+ {[%clk 01:23:15]} {[%emt
00:00:15]} 29. Kd3 {[%clk 00:31:02]} {[%emt 00:00:26]} Bxb4 {[%clk 01:23:25]}
{[%emt 00:00:22]} 30. axb4 {[%clk 00:31:13]} {[%emt 00:00:19]} Nd5 {[%clk
01:23:46]} {[%emt 00:00:08]} 31. Kd4 {[%clk 00:27:50]} {[%emt 00:03:54]} Nxb4
{[%clk 01:24:06]} {[%emt 00:00:11]} 32. Kc5 {[%clk 00:27:08]} {[%emt 00:01:09]}
Nd5 {[%clk 01:24:25]} {[%emt 00:00:12]} 33. Kxb5 {[%clk 00:26:12]} {[%emt
00:01:26]} Ke7 {[%clk 01:24:48]} {[%emt 00:00:07]} 34. Kc5 {[%clk 00:22:03]}
{[%emt 00:04:39]} Kf6 {[%clk 01:25:06]} {[%emt 00:00:11]} 35. Kd4 {[%clk
00:20:09]} {[%emt 00:02:25]} Nf4 {[%clk 01:23:33]} {[%emt 00:02:03]} 36. g3
{[%clk 00:18:23]} {[%emt 00:02:18]} e5+ {[%clk 01:23:13]} {[%emt 00:00:50]} 37.
Ke4 {[%clk 00:17:12]} {[%emt 00:01:40]} Ne6 {[%clk 01:23:35]} {[%emt 00:00:08]}
38. Kd5 {[%clk 00:15:35]} {[%emt 00:02:07]} Nf8 {[%clk 01:21:05]} {[%emt
00:03:00]} 39. Ra1 {[%clk 00:14:04]} {[%emt 00:02:02]} Ng6 {[%clk 01:21:17]}
{[%emt 00:00:16]} 40. Ra6+ {[%clk 00:13:30]} {[%emt 00:01:05]} Kg5 {[%clk
01:21:22]} {[%emt 00:00:23]} 41. Ra7 {[%clk 00:12:33]} {[%emt 00:01:30]} Kf6
{[%clk 01:21:12]} {[%emt 00:00:38]} 42. Ra6+ {[%clk 00:12:54]} {[%emt
00:00:10]} Kf5 {[%clk 01:18:30]} {[%emt 00:03:11]} 43. Ra7 {[%clk 00:12:11]}
{[%emt 00:01:14]} Kf6 {[%clk 01:18:53]} {[%emt 00:00:08]} 1/2-1/2

[Event "DEM U12 2023"]
[Site "Willingen GER"]
[Date "2023.05.31"]
[Round "5"]
[White "Vranckx, Oscar"]
[Black "Sarian, David"]
[Result "1-0"]
[Termination "normal"]
[Board "17"]
[WhiteElo "1733"]
[BlackElo "1480"]
[WhiteClock "01:21:10"]
[BlackClock "01:17:24"]
[PlyCount "109"]
[WhiteFideId "34608788"]
[BlackFideId "34660275"]
[EventCountry "GER"]
[EventRounds "9"]
[EventType "swiss"]
[EventDate "2023.05.27"]

1. e4 {[%clk 01:30:52]} {[%emt 00:00:07]} e6 {[%clk 01:30:54]} {[%emt
00:00:07]} 2. b3 {[%clk 01:30:43]} {[%emt 00:00:38]} Nc6 {[%clk 01:31:01]}
{[%emt 00:00:24]} 3. c4 {[%clk 01:30:38]} {[%emt 00:00:35]} Nf6 {[%clk
01:30:54]} {[%emt 00:00:36]} 4. Nc3 {[%clk 01:30:53]} {[%emt 00:00:15]} Bb4
{[%clk 01:31:18]} {[%emt 00:00:07]} 5. Qe2 {[%clk 01:31:12]} {[%emt 00:00:11]}
O-O {[%clk 01:31:23]} {[%emt 00:00:24]} 6. e5 {[%clk 01:31:31]} {[%emt
00:00:11]} Ne8 {[%clk 01:31:23]} {[%emt 00:00:30]} 7. Bb2 {[%clk 01:31:28]}
{[%emt 00:00:34]} d6 {[%clk 01:30:56]} {[%emt 00:00:57]} 8. f4 {[%clk
01:31:12]} {[%emt 00:00:46]} f6 {[%clk 01:30:30]} {[%emt 00:00:56]} 9. exd6
{[%clk 01:31:00]} {[%emt 00:00:43]} Nxd6 {[%clk 01:30:22]} {[%emt 00:00:38]}
10. O-O-O {[%clk 01:31:16]} {[%emt 00:00:13]} Qe7 {[%emt 00:01:55]} 11. d4
{[%clk 01:31:07]} Bxc3 {[%clk 01:26:57]} {[%emt 00:03:09]} 12. Bxc3 {[%clk
01:31:01]} {[%emt 00:00:36]} a5 {[%clk 01:27:14]} {[%emt 00:00:13]} 13. a3
{[%clk 01:29:17]} {[%emt 00:02:14]} Nf7 {[%clk 01:26:26]} {[%emt 00:01:18]} 14.
Kb2 {[%clk 01:29:10]} {[%emt 00:00:37]} b6 {[%clk 01:23:07]} {[%emt 00:03:49]}
15. Re1 {[%clk 01:25:20]} {[%emt 00:04:20]} Re8 {[%clk 01:22:05]} {[%emt
00:01:33]} 16. g4 {[%clk 01:23:15]} {[%emt 00:02:35]} Na7 {[%clk 01:21:55]}
{[%emt 00:00:40]} 17. f5 {[%clk 01:18:49]} {[%emt 00:04:56]} e5 {[%clk
01:22:12]} {[%emt 00:00:12]} 18. dxe5 {[%clk 01:18:38]} {[%emt 00:00:42]} Nxe5
{[%clk 01:22:28]} {[%emt 00:00:15]} 19. Nf3 {[%clk 01:18:50]} {[%emt 00:00:17]}
Nac6 {[%clk 01:22:44]} {[%emt 00:00:14]} 20. Nxe5 {[%clk 01:19:02]} {[%emt
00:00:18]} Nxe5 {[%clk 01:23:08]} {[%emt 00:00:07]} 21. Bg2 {[%clk 01:18:44]}
{[%emt 00:00:46]} Rb8 {[%clk 01:23:30]} {[%emt 00:00:09]} 22. Bxe5 {[%clk
01:19:00]} {[%emt 00:00:14]} Qxe5+ {[%clk 01:23:32]} {[%emt 00:00:27]} 23. Qxe5
{[%clk 01:19:21]} {[%emt 00:00:10]} fxe5 {[%clk 01:23:59]} {[%emt 00:00:04]}
24. Bc6 {[%clk 01:19:09]} {[%emt 00:00:42]} Re7 {[%clk 01:24:15]} {[%emt
00:00:12]} 25. Rhf1 {[%clk 01:19:19]} {[%emt 00:00:20]} Bb7 {[%clk 01:24:26]}
{[%emt 00:00:20]} 26. Ba4 {[%clk 01:19:31]} {[%emt 00:00:18]} Kf7 {[%clk
01:23:48]} {[%emt 00:01:08]} 27. g5 {[%clk 01:19:10]} {[%emt 00:00:52]} e4
{[%clk 01:21:06]} {[%emt 00:03:11]} 28. b4 {[%clk 01:18:37]} {[%emt 00:01:04]}
axb4 {[%clk 01:18:56]} {[%emt 00:02:40]} 29. axb4 {[%clk 01:18:53]} {[%emt
00:00:13]} c5 {[%clk 01:19:07]} {[%emt 00:00:18]} 30. f6 {[%clk 01:17:56]}
{[%emt 00:01:28]} Re5 {[%clk 01:18:59]} {[%emt 00:00:38]} 31. Rd1 {[%clk
01:17:28]} {[%emt 00:00:58]} Bc8 {[%clk 01:16:41]} {[%emt 00:02:48]} 32. Rd8
{[%clk 01:16:37]} {[%emt 00:01:22]} gxf6 {[%clk 01:16:05]} {[%emt 00:01:06]}
33. Bd7 {[%clk 01:16:29]} {[%emt 00:00:38]} Rxg5 {[%clk 01:15:44]} {[%emt
00:00:50]} 34. Bxc8 {[%clk 01:16:08]} {[%emt 00:00:53]} Ke7 {[%clk 01:13:26]}
{[%emt 00:02:46]} 35. Rfd1 {[%clk 01:16:30]} {[%emt 00:00:09]} e3 {[%clk
01:12:30]} {[%emt 00:01:27]} 36. R1d7+ {[%clk 01:16:36]} {[%emt 00:00:24]} Ke6
{[%clk 01:12:52]} {[%emt 00:00:06]} 37. Rb7+ {[%clk 01:16:44]} {[%emt
00:00:23]} Rxc8 {[%clk 01:13:17]} {[%emt 00:00:05]} 38. Rxc8 {[%clk 01:17:09]}
{[%emt 00:00:05]} Rg2+ {[%clk 01:13:25]} {[%emt 00:00:22]} 39. Kc3 {[%clk
01:17:32]} {[%emt 00:00:07]} cxb4+ {[%clk 01:13:50]} {[%emt 00:00:06]} 40. Kd3
{[%clk 01:17:52]} {[%emt 00:00:08]} b3 {[%clk 01:13:59]} {[%emt 00:00:22]} 41.
Rc6+ {[%clk 01:17:43]} {[%emt 00:00:38]} Kf5 {[%clk 01:14:19]} {[%emt
00:00:09]} 42. Rbxb6 {[%clk 01:18:00]} {[%emt 00:00:14]} e2 {[%clk 01:14:18]}
{[%emt 00:00:31]} 43. Rxf6+ {[%clk 01:18:22]} {[%emt 00:00:08]} Kg5 {[%clk
01:14:37]} {[%emt 00:00:10]} 44. Rfe6 {[%clk 01:18:48]} {[%emt 00:00:05]} Rxh2
{[%clk 01:14:33]} {[%emt 00:00:33]} 45. Rxe2 {[%clk 01:19:12]} {[%emt
00:00:06]} Rh3+ {[%clk 01:14:54]} {[%emt 00:00:09]} 46. Re3 {[%clk 01:19:37]}
{[%emt 00:00:05]} Rh1 {[%clk 01:15:09]} {[%emt 00:00:14]} 47. Rxb3 {[%clk
01:19:58]} {[%emt 00:00:10]} h5 {[%clk 01:15:29]} {[%emt 00:00:09]} 48. Rb5+
{[%clk 01:19:49]} {[%emt 00:00:40]} Kg4 {[%clk 01:15:45]} {[%emt 00:00:12]} 49.
Re4+ {[%clk 01:20:13]} {[%emt 00:00:06]} Kf3 {[%clk 01:16:03]} {[%emt
00:00:13]} 50. Rf5 {[%clk 01:20:32]} {[%emt 00:00:11]} Kg3 {[%clk 01:16:22]}
{[%emt 00:00:10]} 51. Ke2 {[%clk 01:20:13]} {[%emt 00:00:50]} Rh2+ {[%clk
01:16:43]} {[%emt 00:00:09]} 52. Ke3 {[%clk 01:20:27]} {[%emt 00:00:16]} h4
{[%clk 01:16:48]} {[%emt 00:00:25]} 53. Rf3 {[%clk 01:20:48]} {[%emt 00:00:10]}
Kg2 {[%clk 01:17:10]} {[%emt 00:00:07]} 54. Rg4+ {[%clk 01:21:14]} {[%emt
00:00:04]} Kh1 {[%clk 01:17:24]} {[%emt 00:00:16]} 55. Rf1# {[%clk 01:21:10]}
{[%emt 00:00:04]} 1-0

[Event "DEM U12 2023"]
[Site "Willingen GER"]
[Date "2023.05.31"]
[Round "5"]
[White "Lanert, Theodor"]
[Black "Dodul, Arthur"]
[Result "0-1"]
[Termination "normal"]
[Board "19"]
[WhiteElo "1398"]
[BlackElo "1613"]
[WhiteClock "01:08:22"]
[BlackClock "01:04:12"]
[PlyCount "44"]
[WhiteFideId "34605576"]
[BlackFideId "34609016"]
[EventCountry "GER"]
[EventRounds "9"]
[EventType "swiss"]
[EventDate "2023.05.27"]

1. e4 {[%clk 01:30:37]} {[%emt 00:00:22]} e5 {[%clk 01:30:57]} {[%emt
00:00:04]} 2. Nf3 {[%clk 01:31:01]} {[%emt 00:00:07]} Nc6 {[%clk 01:31:23]}
{[%emt 00:00:04]} 3. Bc4 {[%clk 01:31:17]} {[%emt 00:00:13]} Bc5 {[%clk
01:31:31]} {[%emt 00:00:22]} 4. O-O {[%clk 01:31:34]} {[%emt 00:00:13]} Nf6
{[%clk 01:31:54]} {[%emt 00:00:05]} 5. d4 {[%clk 01:31:55]} {[%emt 00:00:11]}
Bxd4 {[%clk 01:32:12]} {[%emt 00:00:12]} 6. Nxd4 {[%clk 01:32:18]} {[%emt
00:00:07]} Nxd4 {[%clk 01:32:36]} {[%emt 00:00:06]} 7. Bg5 {[%clk 01:32:42]}
{[%emt 00:00:06]} d6 {[%clk 01:32:47]} {[%emt 00:00:18]} 8. f4 {[%clk
01:32:31]} {[%emt 00:00:41]} Qe7 {[%clk 01:33:04]} {[%emt 00:00:13]} 9. Bxf6
{[%clk 01:24:09]} {[%emt 00:08:53]} gxf6 {[%clk 01:31:32]} {[%emt 00:02:02]}
10. fxe5 {[%clk 01:23:16]} {[%emt 00:01:24]} dxe5 {[%clk 01:31:29]} {[%emt
00:00:32]} 11. Nc3 {[%clk 01:21:31]} {[%emt 00:02:16]} c6 {[%clk 01:30:46]}
{[%emt 00:01:13]} 12. Ne2 {[%clk 01:21:30]} {[%emt 00:00:31]} Bg4 {[%clk
01:26:31]} {[%emt 00:04:46]} 13. c3 {[%clk 01:19:08]} {[%emt 00:02:52]} Ne6
{[%clk 01:10:39]} {[%emt 00:16:21]} 14. Qd2 {[%clk 01:11:27]} {[%emt 00:08:11]}
Qc5+ {[%clk 01:10:12]} {[%emt 00:00:57]} 15. Nd4 {[%clk 01:06:23]} {[%emt
00:05:34]} exd4 {[%clk 01:04:40]} {[%emt 00:06:02]} 16. Bxe6 {[%clk 01:06:40]}
{[%emt 00:00:14]} dxc3+ {[%clk 01:04:45]} {[%emt 00:00:25]} 17. Qf2 {[%clk
01:07:22]} {[%emt 00:00:21]} Qxf2+ {[%clk 01:05:33]} {[%emt 00:00:08]} 18. Rxf2
{[%clk 01:07:39]} {[%emt 00:00:14]} fxe6 {[%clk 01:05:08]} {[%emt 00:00:55]}
19. bxc3 {[%clk 01:08:00]} {[%emt 00:00:10]} Rf8 {[%clk 01:04:53]} {[%emt
00:00:43]} 20. Rb1 {[%clk 01:08:00]} {[%emt 00:00:31]} O-O-O {[%clk 01:04:02]}
{[%emt 00:01:22]} 21. Rfb2 {[%clk 01:08:09]} {[%emt 00:00:20]} b6 {[%clk
01:04:02]} {[%emt 00:00:30]} 22. a4 {[%clk 01:08:22]} {[%emt 00:00:17]} Rd1+
{[%clk 01:04:12]} {[%emt 00:00:19]} 0-1

[Event "DEM U12 2023"]
[Site "Willingen GER"]
[Date "2023.05.31"]
[Round "5"]
[White "Greive, Jakob"]
[Black "Charchulla, Moritz"]
[Result "0-1"]
[Termination "normal"]
[Board "20"]
[WhiteElo "1551"]
[BlackElo "1063"]
[WhiteClock "01:13:50"]
[BlackClock "00:45:58"]
[PlyCount "114"]
[WhiteFideId "34603476"]
[BlackFideId "34607579"]
[EventCountry "GER"]
[EventRounds "9"]
[EventType "swiss"]
[EventDate "2023.05.27"]

1. e4 {[%clk 01:30:50]} {[%emt 00:00:10]} e5 {[%clk 01:31:07]} {[%emt
00:00:23]} 2. Nf3 {[%clk 01:31:09]} {[%emt 00:00:11]} Nc6 {[%clk 01:31:17]}
{[%emt 00:00:21]} 3. Bc4 {[%clk 01:31:31]} {[%emt 00:00:07]} Nf6 {[%clk
01:31:20]} {[%emt 00:00:27]} 4. d4 {[%clk 01:31:41]} {[%emt 00:00:19]} exd4
{[%clk 01:30:14]} {[%emt 00:01:36]} 5. e5 {[%clk 01:32:00]} {[%emt 00:00:10]}
d5 {[%clk 01:30:01]} {[%emt 00:00:44]} 6. Bb5 {[%clk 01:32:23]} {[%emt
00:00:07]} Ne4 {[%clk 01:28:14]} {[%emt 00:02:17]} 7. Nxd4 {[%clk 01:32:24]}
{[%emt 00:00:29]} Bd7 {[%clk 01:26:43]} {[%emt 00:02:02]} 8. Bxc6 {[%clk
01:32:18]} {[%emt 00:00:35]} Bxc6 {[%clk 01:26:57]} {[%emt 00:00:17]} 9. O-O
{[%clk 01:31:21]} {[%emt 00:01:25]} Bc5 {[%clk 01:26:21]} {[%emt 00:01:06]} 10.
f3 {[%clk 01:31:31]} {[%emt 00:00:20]} Ng5 {[%clk 01:25:47]} {[%emt 00:01:04]}
11. Be3 {[%clk 01:31:45]} {[%emt 00:00:16]} Ne6 {[%clk 01:25:04]} {[%emt
00:01:14]} 12. Kh1 {[%clk 01:29:51]} {[%emt 00:02:24]} Nxd4 {[%clk 01:19:44]}
{[%emt 00:05:50]} 13. Bxd4 {[%clk 01:29:54]} {[%emt 00:00:26]} Be7 {[%clk
01:18:48]} {[%emt 00:01:27]} 14. Qe2 {[%clk 01:29:04]} {[%emt 00:01:18]} O-O
{[%clk 01:17:15]} {[%emt 00:02:04]} 15. e6 {[%clk 01:27:50]} {[%emt 00:01:45]}
Qd6 {[%clk 01:15:27]} {[%emt 00:02:18]} 16. Qe5 {[%clk 01:26:22]} {[%emt
00:01:57]} Qxe5 {[%clk 01:14:08]} {[%emt 00:01:50]} 17. exf7+ {[%clk 01:26:08]}
{[%emt 00:00:44]} Rxf7 {[%clk 01:14:17]} {[%emt 00:00:20]} 18. Bxe5 {[%clk
01:26:19]} {[%emt 00:00:20]} Bf6 {[%clk 01:13:59]} {[%emt 00:00:49]} 19. Bxf6
{[%clk 01:26:32]} {[%emt 00:00:16]} Rxf6 {[%clk 01:14:22]} {[%emt 00:00:07]}
20. Nc3 {[%clk 01:24:45]} {[%emt 00:02:17]} d4 {[%clk 01:13:19]} {[%emt
00:01:34]} 21. Ne2 {[%clk 01:24:03]} {[%emt 00:01:11]} Bb5 {[%clk 01:13:30]}
{[%emt 00:00:19]} 22. Rfe1 {[%clk 01:24:17]} {[%emt 00:00:15]} c5 {[%clk
01:13:49]} {[%emt 00:00:12]} 23. a4 {[%clk 01:23:48]} {[%emt 00:00:59]} Bd7
{[%clk 01:08:54]} {[%emt 00:05:25]} 24. Red1 {[%clk 01:23:14]} {[%emt
00:01:04]} Bf5 {[%clk 01:08:45]} {[%emt 00:00:39]} 25. Rd2 {[%clk 01:22:35]}
{[%emt 00:01:07]} b6 {[%clk 01:02:56]} {[%emt 00:06:21]} 26. Ng3 {[%clk
01:19:58]} {[%emt 00:03:07]} Bg6 {[%clk 00:55:10]} {[%emt 00:08:16]} 27. h4
{[%clk 01:17:22]} {[%emt 00:03:05]} Rf4 {[%clk 00:52:58]} {[%emt 00:02:42]} 28.
h5 {[%clk 01:13:18]} {[%emt 00:04:34]} Rh4+ {[%clk 00:51:08]} {[%emt 00:02:20]}
29. Kg1 {[%clk 01:13:35]} {[%emt 00:00:11]} Bxh5 {[%clk 00:51:20]} {[%emt
00:00:19]} 30. Nf5 {[%clk 01:13:28]} {[%emt 00:00:36]} Rf4 {[%clk 00:51:32]}
{[%emt 00:00:19]} 31. Ne7+ {[%clk 01:13:35]} {[%emt 00:00:23]} Kf8 {[%clk
00:51:31]} {[%emt 00:00:32]} 32. Nd5 {[%clk 01:13:29]} {[%emt 00:00:35]} Rf7
{[%clk 00:48:04]} {[%emt 00:03:57]} 33. c4 {[%clk 01:13:38]} {[%emt 00:00:21]}
Rc8 {[%clk 00:46:08]} {[%emt 00:02:27]} 34. g4 {[%clk 01:12:20]} {[%emt
00:01:47]} Bg6 {[%clk 00:43:12]} {[%emt 00:03:26]} 35. f4 {[%clk 01:12:18]}
{[%emt 00:00:32]} Be4 {[%clk 00:43:31]} {[%emt 00:00:11]} 36. f5 {[%clk
01:09:43]} {[%emt 00:03:05]} Bxd5 {[%clk 00:43:39]} {[%emt 00:00:23]} 37. cxd5
{[%clk 01:09:47]} {[%emt 00:00:26]} Rd8 {[%clk 00:44:00]} {[%emt 00:00:09]} 38.
Rh2 {[%clk 01:10:07]} {[%emt 00:00:09]} h6 {[%clk 00:43:59]} {[%emt 00:00:32]}
39. g5 {[%clk 01:10:23]} {[%emt 00:00:13]} hxg5 {[%clk 00:43:14]} {[%emt
00:01:15]} 40. Rh8+ {[%clk 01:10:39]} {[%emt 00:00:13]} Ke7 {[%clk 00:43:37]}
{[%emt 00:00:07]} 41. Re1+ {[%clk 01:10:31]} {[%emt 00:00:37]} Kd7 {[%clk
00:44:00]} {[%emt 00:00:08]} 42. Rxd8+ {[%clk 01:10:15]} {[%emt 00:00:47]} Kxd8
{[%clk 00:44:23]} {[%emt 00:00:07]} 43. Re5 {[%clk 01:10:20]} {[%emt 00:00:24]}
Kd7 {[%clk 00:44:32]} {[%emt 00:00:22]} 44. f6 {[%clk 01:10:26]} {[%emt
00:00:24]} gxf6 {[%clk 00:44:52]} {[%emt 00:00:11]} 45. Re6 {[%clk 01:10:49]}
{[%emt 00:00:07]} f5 {[%clk 00:44:17]} {[%emt 00:01:05]} 46. a5 {[%clk
01:11:07]} {[%emt 00:00:12]} Kc7 {[%clk 00:44:07]} {[%emt 00:00:41]} 47. a6
{[%clk 01:11:05]} {[%emt 00:00:31]} f4 {[%clk 00:43:31]} {[%emt 00:01:05]} 48.
Rc6+ {[%clk 01:11:27]} {[%emt 00:00:08]} Kd7 {[%clk 00:42:57]} {[%emt
00:01:05]} 49. Rg6 {[%clk 01:11:38]} {[%emt 00:00:19]} d3 {[%clk 00:43:02]}
{[%emt 00:00:25]} 50. Kf2 {[%clk 01:11:39]} {[%emt 00:00:28]} d2 {[%clk
00:43:11]} {[%emt 00:00:22]} 51. Ke2 {[%clk 01:11:44]} {[%emt 00:00:24]} f3+
{[%clk 00:43:36]} {[%emt 00:00:06]} 52. Kxd2 {[%clk 01:12:07]} {[%emt
00:00:07]} f2 {[%clk 00:44:01]} {[%emt 00:00:05]} 53. Rxb6 {[%clk 01:12:20]}
{[%emt 00:00:17]} axb6 {[%clk 00:44:24]} {[%emt 00:00:08]} 54. a7 {[%clk
01:12:45]} {[%emt 00:00:05]} Rf8 {[%clk 00:44:48]} {[%emt 00:00:06]} 55. a8=Q
{[%clk 01:13:06]} {[%emt 00:00:09]} Rxa8 {[%clk 00:45:08]} {[%emt 00:00:10]}
56. Ke2 {[%clk 01:13:27]} {[%emt 00:00:09]} Rf8 {[%clk 00:45:33]} {[%emt
00:00:05]} 57. Kf1 {[%clk 01:13:50]} {[%emt 00:00:07]} g4 {[%clk 00:45:58]}
{[%emt 00:00:05]} 0-1

[Event "DEM U12 2023"]
[Site "Willingen GER"]
[Date "2023.05.31"]
[Round "5"]
[White "Shevchenko, Igor"]
[Black "Madel, Luca"]
[Result "1-0"]
[Termination "normal"]
[Board "22"]
[WhiteElo "1432"]
[BlackElo "1151"]
[WhiteClock "00:51:19"]
[BlackClock "00:58:05"]
[PlyCount "45"]
[WhiteFideId "34634924"]
[BlackFideId "16296516"]
[EventCountry "GER"]
[EventRounds "9"]
[EventType "swiss"]
[EventDate "2023.05.27"]

1. d4 {[%clk 01:30:59]} d5 {[%clk 01:30:51]} {[%emt 00:00:09]} 2. c4 {[%clk
01:31:25]} {[%emt 00:00:04]} e6 {[%clk 01:31:06]} {[%emt 00:00:14]} 3. Nc3
{[%clk 01:31:36]} {[%emt 00:00:19]} f5 {[%clk 01:31:01]} {[%emt 00:00:35]} 4.
g3 {[%clk 01:31:57]} {[%emt 00:00:10]} Nf6 {[%clk 01:30:50]} {[%emt 00:00:41]}
5. Bg2 {[%clk 01:32:06]} {[%emt 00:00:21]} c6 {[%clk 01:30:59]} {[%emt
00:00:21]} 6. Nh3 {[%clk 01:31:33]} {[%emt 00:01:03]} Bd6 {[%clk 01:29:01]}
{[%emt 00:02:28]} 7. Bf4 {[%clk 01:31:04]} {[%emt 00:00:59]} Qe7 {[%clk
01:27:50]} {[%emt 00:01:41]} 8. O-O {[%clk 01:30:54]} {[%emt 00:00:41]} O-O
{[%clk 01:27:31]} {[%emt 00:00:48]} 9. Qc2 {[%clk 01:29:23]} {[%emt 00:02:01]}
h6 {[%clk 01:25:30]} {[%emt 00:02:29]} 10. f3 {[%clk 01:12:41]} {[%emt
00:17:14]} Nh5 {[%clk 01:21:02]} {[%emt 00:04:59]} 11. Bxd6 {[%clk 01:10:49]}
{[%emt 00:02:21]} Qxd6 {[%clk 01:21:04]} {[%emt 00:00:26]} 12. Qd3 {[%clk
01:05:59]} {[%emt 00:05:21]} Nd7 {[%clk 01:18:03]} {[%emt 00:03:25]} 13. e4
{[%clk 00:58:42]} {[%emt 00:07:53]} g5 {[%clk 01:13:48]} {[%emt 00:04:44]} 14.
cxd5 {[%clk 00:53:56]} {[%emt 00:05:17]} cxd5 {[%clk 01:12:20]} {[%emt
00:01:58]} 15. exd5 {[%clk 00:53:33]} {[%emt 00:00:54]} exd5 {[%clk 01:12:18]}
{[%emt 00:00:30]} 16. f4 {[%clk 00:53:39]} {[%emt 00:00:25]} gxf4 {[%clk
01:09:12]} {[%emt 00:03:35]} 17. Nxf4 {[%emt 00:00:15]} Nxf4 {[%clk 01:09:03]}
{[%emt 00:00:36]} 18. Rxf4 {[%emt 00:01:12]} Nb6 {[%clk 01:08:30]} 19. Bh3
{[%clk 00:53:14]} {[%emt 00:01:31]} Qg6 {[%clk 00:58:45]} {[%emt 00:10:16]} 20.
Raf1 {[%clk 00:52:13]} {[%emt 00:01:32]} Be6 {[%clk 00:58:24]} {[%emt
00:00:50]} 21. Rg4 {[%clk 00:51:01]} {[%emt 00:01:43]} Qxg4 {[%clk 00:57:56]}
{[%emt 00:00:57]} 22. Bxg4 {[%clk 00:50:57]} {[%emt 00:00:35]} fxg4 {[%clk
00:58:05]} {[%emt 00:00:21]} 23. Qg6+ {[%clk 00:51:19]} {[%emt 00:00:07]} 1-0